BIOLOGY (Record no. 191600)

MARC details
000 -LEADER
fixed length control field 00492nam a2200205Ia 4500
003 - CONTROL NUMBER IDENTIFIER
control field OSt
005 - DATE AND TIME OF LATEST TRANSACTION
control field 20260122111509.0
020 ## - INTERNATIONAL STANDARD BOOK NUMBER
International Standard Book Number 0-8016-6372-5
040 ## - CATALOGING SOURCE
Transcribing agency LC
050 ## - LIBRARY OF CONGRESS CALL NUMBER
Classification number QH 308 .R38 1992
Item number 1
100 ## - MAIN ENTRY--PERSONAL NAME
Personal name RAVEN, PETER H
245 #0 - TITLE STATEMENT
Title BIOLOGY
250 ## - EDITION STATEMENT
Edition statement 3
260 ## - PUBLICATION, DISTRIBUTION, ETC.
Place of publication, distribution, etc. St. Louis,
Name of publisher, distributor, etc. Mosby Year Book,
Date of publication, distribution, etc. 1992,
300 ## - PHYSICAL DESCRIPTION
Extent XXX, 1217 P, ILL
500 ## - GENERAL NOTE
General note INCLUDES BIBLIOGRAPHICAL REFERENCES AND INDEX
650 ## - SUBJECT ADDED ENTRY--TOPICAL TERM
Topical term or geographic name entry element Biology
700 ## - ADDED ENTRY--PERSONAL NAME
Personal name JOHNSON GEORGE B
942 ## - ADDED ENTRY ELEMENTS (KOHA)
Koha item type Long Loan Book
Source of classification or shelving scheme Library of Congress Classification
Holdings
Withdrawn status Lost status Source of classification or shelving scheme Damaged status Not for loan Collection Home library Current library Shelving location Date acquired Inventory number Total checkouts Full call number Barcode Date last seen Copy number Price effective from Koha item type
    Library of Congress Classification     Science & Technology Kisii University Library Kisii University Library On Display 09/15/2023 56739   QH 308.2 .R 38 1992 035006 09/15/2023 1 09/15/2023 Long Loan Book